000 01737cam a22003011a 4500
001 e 36000598
003 DLC
005 20260227111226.0
008 911126r19361933dcu s f000 0 eng
010 _ae 36000598
035 _a(OCoLC)24857901
040 _aDLC
_cN
_dDLC
050 0 0 _aLC1045
_b.A25 no. 188
100 1 _aHoskins, Edwin Ray,
_d1891-1982.
245 1 2 _aYoung men in farming :
_ba study of young men to determine the qualifications, oportunities, and needs for training in farming, together with derived guidance, placement, and training objectives /
_c[by Edwin Ray Hoskins]
260 _aWashington, D.C. :
_bU.S. Govt. Print. Off.,
_c1936.
300 _av, 117 p. ;
_c23 cm.
440 0 _aVocational education bulletin ;
_vno. 188
440 0 _aAgriculture series ;
_vno. 49
500 _a"The author of this bulletin has adapted it from a thesis, Certain specific objectives in curriculum making for vocational education in agriculture for the secondary school, presented by him to the faculty of the Graduate School of Cornell University in partial fulfillment for the degree of Doctor of Philosophy."--Foreword.
502 _aThesis (Ph. D.)--Cornell University, 1933.
500 _aThesis title and note on cover.
501 _aWith : Consumer-buying in the educational program for home making / Beulah Isabelle Coon. Washington : Govt. Print. Off., 1935. Bound together subsequent to publication.
_5DLC
650 0 _aAgricultural education
_zUnited States.
650 0 _aAgriculture
_xVocational guidance
_zUnited States.
650 0 _aVocational education
_zUnited States.
740 0 _aCertain specific objectives in curriculum making for vocational education in agriculture for the secondary school.
999 _c21502
_d21502